<?xml version="1.0" encoding="UTF-8"?>
<record
    xmlns:xsi="http://www.w3.org/2001/XMLSchema-instance"
    xsi:schemaLocation="http://www.loc.gov/MARC21/slim http://www.loc.gov/standards/marcxml/schema/MARC21slim.xsd"
    xmlns="http://www.loc.gov/MARC21/slim">

  <leader>00688nam a2200241 a 4500</leader>
  <controlfield tag="005">20160407020002.0</controlfield>
  <controlfield tag="008">140130b2008    ck ||||| |||| 00| 0 spa d</controlfield>
  <datafield tag="040" ind1=" " ind2=" ">
    <subfield code="c">CO-BoIH</subfield>
  </datafield>
  <datafield tag="041" ind1=" " ind2=" ">
    <subfield code="a">spa</subfield>
  </datafield>
  <datafield tag="044" ind1=" " ind2=" ">
    <subfield code="a">ck</subfield>
  </datafield>
  <datafield tag="090" ind1=" " ind2=" ">
    <subfield code="a">IAVH</subfield>
    <subfield code="b">01207</subfield>
  </datafield>
  <datafield tag="100" ind1=" " ind2=" ">
    <subfield code="a">Espitia, Mar&#xED;a Antonia</subfield>
    <subfield code="9">6017</subfield>
  </datafield>
  <datafield tag="245" ind1=" " ind2=" ">
    <subfield code="a">Diagn&#xF3;stico sociocultural</subfield>
    <subfield code="b">P&#xE1;ramo de Rabanal</subfield>
  </datafield>
  <datafield tag="260" ind1=" " ind2=" ">
    <subfield code="a">Bogot&#xE1;</subfield>
    <subfield code="b">IAVH</subfield>
    <subfield code="b">Corpoboyac&#xE1;</subfield>
    <subfield code="b">Corpochivor</subfield>
    <subfield code="b">CAR</subfield>
    <subfield code="c">2008</subfield>
  </datafield>
  <datafield tag="300" ind1=" " ind2=" ">
    <subfield code="a">111 p.</subfield>
  </datafield>
  <datafield tag="662" ind1=" " ind2=" ">
    <subfield code="a">Colombia</subfield>
    <subfield code="c">P&#xE1;ramo de Rabanal</subfield>
  </datafield>
  <datafield tag="662" ind1=" " ind2=" ">
    <subfield code="d">Samac&#xE1;</subfield>
    <subfield code="b">Boyac&#xE1;</subfield>
  </datafield>
  <datafield tag="662" ind1=" " ind2=" ">
    <subfield code="d">Ventaquemada</subfield>
    <subfield code="b">Boyac&#xE1;</subfield>
  </datafield>
  <datafield tag="662" ind1=" " ind2=" ">
    <subfield code="d">R&#xE1;quira</subfield>
    <subfield code="b">Boyac&#xE1;</subfield>
  </datafield>
  <datafield tag="662" ind1=" " ind2=" ">
    <subfield code="d">Guachet&#xE1;</subfield>
    <subfield code="b">Cundinamarca</subfield>
  </datafield>
  <datafield tag="662" ind1=" " ind2=" ">
    <subfield code="d">Lenguazaque</subfield>
    <subfield code="b">Cundinamarca</subfield>
  </datafield>
  <datafield tag="942" ind1=" " ind2=" ">
    <subfield code="c">INFORME</subfield>
    <subfield code="2">z</subfield>
    <subfield code="0">3</subfield>
  </datafield>
  <datafield tag="999" ind1=" " ind2=" ">
    <subfield code="c">6428</subfield>
    <subfield code="d">6428</subfield>
  </datafield>
  <datafield tag="952" ind1=" " ind2=" ">
    <subfield code="0">0</subfield>
    <subfield code="1">0</subfield>
    <subfield code="2">z</subfield>
    <subfield code="4">0</subfield>
    <subfield code="7">0</subfield>
    <subfield code="8">HUMBOLDT</subfield>
    <subfield code="I">INV2017</subfield>
    <subfield code="a">Bogota</subfield>
    <subfield code="b">Bogota</subfield>
    <subfield code="d">2008-07-21</subfield>
    <subfield code="l">3</subfield>
    <subfield code="o">IAVH-01207</subfield>
    <subfield code="p">024209</subfield>
    <subfield code="r">2024-08-09 00:00:00</subfield>
    <subfield code="s">2016-04-06</subfield>
    <subfield code="t">Ej. 1</subfield>
    <subfield code="w">2012-12-04</subfield>
    <subfield code="x">Dep&#xF3;sito Institucional</subfield>
    <subfield code="y">INFORME</subfield>
  </datafield>
</record>
